000 00432cam a2200169ua 4500
020 _c1.25
041 _amal
_h
082 _a894.8121
_bKUN/AN
100 _aKunhiraman Nair, P.
245 _aAnthithiri /
_cP Kunjiraman Nair.
_hTextual Documents
260 _aKannur :
_bHaji K P Ahmmed Kunji and Brothers Book Sellers ,
_c1957.
300 _a58 ; .
365 _a1.25
504 _a
942 _cBK
999 _c4954
_d4954